000 00507nam a22001817a 4500
005 20251108165439.0
008 250721s1948 xx 000 0 ara d
082 1 4 _a954/لوب
100 1 _aلوبون، غوستاف
245 1 0 _aحضارة الهند /
250 _aط1
264 1 _aمصر :
_bدار إحياء الكتب العربية،
_c1948.
650 1 7 _aالهند
650 1 7 _aتاريخ الهند
700 1 _aزعيتر، عادل
_eترجمة
942 _2ddc
_cBK
999 _c28146
_d28146